<?xml version="1.0" encoding="UTF-8"?>
<marc:record xmlns:marc="http://www.loc.gov/MARC21/slim">
   <marc:leader>00000nam a2200000 a 4500</marc:leader>
   <marc:datafield ind1="1" ind2=" " tag="100">
      <marc:subfield code="a">Safier, David</marc:subfield>
      <marc:subfield code="4">aut</marc:subfield>
      <marc:subfield code="e">Verfasser/-in</marc:subfield>
   </marc:datafield>
   <marc:datafield ind1="1" ind2=" " tag="100">
      <marc:subfield code="a">Kurth, Oliver</marc:subfield>
      <marc:subfield code="4">aut</marc:subfield>
      <marc:subfield code="e">Verfasser/-in</marc:subfield>
   </marc:datafield>
   <marc:datafield ind1="0" ind2="0" tag="245">
      <marc:subfield code="a">Traumprinz</marc:subfield>
   </marc:datafield>
   <marc:datafield ind1="0" ind2="0" tag="245">
      <marc:subfield code="b">Roman</marc:subfield>
   </marc:datafield>
   <marc:datafield ind1="0" ind2="0" tag="245">
      <marc:subfield code="c">David Safier. Mit Ill. von Oliver Kurth</marc:subfield>
   </marc:datafield>
   <marc:datafield ind1=" " ind2="1" tag="264">
      <marc:subfield code="a">Reinbek bei Hamburg</marc:subfield>
      <marc:subfield code="b">Rowohlt-Verl.</marc:subfield>
      <marc:subfield code="c">2016</marc:subfield>
   </marc:datafield>
   <marc:datafield ind1="1" ind2=" " tag="520">
      <marc:subfield code="a">Welche Frau würde sich nicht gerne den perfekten Mann malen? Die verträumte Comiczeichnerin Nellie hat schlimmen Liebeskummer, als ihr zufällig eine alte tibetische Lederkladde in die Hände fällt. In die zeichnet Nellie ihren Traumprinzen: stark, edel und dreitagebärtig. Als sie am nächsten Morgen aufwacht, hat der Prinz das Zeichenblatt verlassen und steht leibhaftig vor ihr. Mit Schwert und Kettenhemd. Gemeinsam mit dem ungestümen Prinzen namens Retro macht Nellie sich in Berlin auf die Suche nach dem Geheimnis der magischen Kladde. Denn alles, was man in sie hineinzeichnet, erwacht zum Leben. Dabei erlebt das ungleiche Paar jede Menge Abenteuer.</marc:subfield>
   </marc:datafield>
   <marc:datafield ind1=" " ind2=" " tag="020">
      <marc:subfield code="a">9783463406046</marc:subfield>
      <marc:subfield code="9">9783463406046</marc:subfield>
   </marc:datafield>
   <marc:datafield ind1=" " ind2=" " tag="020">
      <marc:subfield code="a">3463406047</marc:subfield>
      <marc:subfield code="9">3463406047</marc:subfield>
   </marc:datafield>
   <marc:datafield ind1=" " ind2=" " tag="300">
      <marc:subfield code="a">307 S. : Ill.</marc:subfield>
   </marc:datafield>
</marc:record>
